Introduction to good scientific practices (Record no. 74875)

MARC details
000 -LEADER
fixed length control field 00592nam a22001337a 4500
100 ## - MAIN ENTRY--AUTHOR NAME
Personal name Roy, C.B
245 ## - TITLE STATEMENT
Title Introduction to good scientific practices
260 ## - PUBLICATION, DISTRIBUTION, ETC. (IMPRINT)
Name of publisher In: International Workshop on new Colletotrichum Circular Leaf Spot Disease Identification and Management. (Ed. C. Bindu Roy). 20-24 September 2022, Kottayam, India, Rubber Research Institute of India, Kottayam and International Rubber Research and Development Board, Malaysia, pp.72-78.
300 ## - PHYSICAL DESCRIPTION
Other physical details Workshop Manual
650 ## - SUBJECT ADDED ENTRY--TOPICAL TERM
Topical Term Good scientific practice
700 ## - ADDED ENTRY--PERSONAL NAME
Personal name Aneesha, S.A
700 ## - ADDED ENTRY--PERSONAL NAME
Personal name Aswathy, C.S
942 ## - ADDED ENTRY ELEMENTS (KOHA)
Koha item type Journals
Holdings
Withdrawn status Lost status Damaged status Not for loan Home library Current library Date acquired Koha item type
        RRII Library RRII Library 10/11/2022 Journals